Debbie Reynolds Filmography - Statistics

General Stats
  • This quiz has been taken 14 times
    2 since last reset
  • The average score is 5 of 241
Answer Stats
Type Year Name % Correct
Film 1952 Singin' in the Rain
100%
Film 1973 Charlotte's Web
50%
Film 1962 How the West Was Won
50%
Film 1957 Tammy and the Bachelor
50%
Film 1959 The Gazebo
50%
Film 1960 The Rat Race
50%
Film 1964 The Unsinkable Molly Brown
50%
Theater 1989-1990 The Unsinkable Molly Brown
50%
Award Show 1982 1982 Your Choice for the Film Awards
0%
Documentary Series 2000 48 Hours
0%
TV Special 1955 5th Annual Celebrity Parade for Cerebral Palsy
0%
TV Show 1974 ABC Late Night
0%
TV Special 1960 A Date with Debbie
0%
TV Special 1981 AFI Life Achievement Award: A Tribute to Fred Astaire
0%
TV Special 1985 AFI Life Achievement Award: A Tribute to Gene Kelly
0%
TV Film 1999 A Gift of Love: The Daniel Huffman Story
0%
TV Show 1982 Alice
0%
TV Short 1981 Alice's Adventures in Wonderland
0%
TV Special 1981 All-Star Salute to Mother's Day
0%
TV Show 1981 Aloha Paradise
0%
TV Show 1957 American Bandstand
0%
Documentary Series 2002 American Masters
0%
TV Special 1968 ...And Debbie Makes Six
0%
TV Special 1957 A Private Little Party for a Few Chums
0%
Film 1954 Athena
0%
TV Special 1956 Atlantic City Holiday
0%
TV Special 1980 A Tribute to the Jukebox Award Winners
0%
Short Documentary 1959 A Visit with Debbie Reynolds
0%
TV Show 1981 Barbara Mandrell and the Mandrell Sisters
0%
TV Film 1992 Battling for Baby
0%
TV Film 2013 Behind the Candelabra
0%
TV Show 2006 Bert's Family Feud
0%
Documentary Series 1976 Bicentennial Minutes
0%
TV Special 1977 Bing!... A 50th Anniversary Gala
0%
Documentary Series 1995, 2000 Biography
0%
TV Special 1991 Bob Hope & Friends: Making New Memories
0%
TV Special 1976 Bob Hope's Bicentennial Star Spangled Spectacular
0%
TV Special 1979 Bob Hope's Cavalcade of Comedy
0%
TV Special 1985 Bob Hope's Happy Birthday Homecoming
0%
TV Show 1969 Bracken's World
0%
Documentary Series 2003 Bravo Profiles
0%
TV Show 1984 Breakaway
0%
Documentary 2016 Bright Lights: Starring Carrie Fisher and Debbie Reynolds
0%
TV Special 1982 Broadway Plays Washington on Kennedy Center Tonight
0%
Film 1956 Bundle of Joy
0%
Documentary 1974 Busby Berkeley
0%
Documentary 2012 Carol Channing: Larger Than Life
0%
TV Special 1995 Carrie Fisher: The Hollywood Family
0%
Documentary Series 1995 Carrie on Hollywood
0%
Short Documentary 1951 Challenge the Wilderness
0%
Documentary 2002 Cinerama Adventure
0%
Documentary 2002 Cinerama Adventure
0%
TV Special 1982 Circus of the Stars #7
0%
Film 2004 Connie and Carla
0%
Exercise Video 1988 Couples Do It Debbie's Way
0%
TV Special 1955 Dateline: Disneyland
0%
TV Show 1972 Dean Martin Presents: The Bobby Darin Amusement Co.
0%
Theater 1966 Debbie
0%
TV Film 1969 Debbie Reynolds and the Sound of Children
0%
Short Documentary 2004 Debbie Reynolds: 'Connie and Carla'
0%
Theater 1976 Debbie Reynolds in Concert
0%
TV Show 1975, 1976, 1979 Dinah!
0%
Film 1967 Divorce American Style
0%
Exercise Video 1983 Do It Debbie's Way
0%
Documentary Series 1998 E! True Hollywood Story
0%
TV Show 2008 Family Guy
0%
Documentary 2008 Fay Wray: A Life
0%
Film 1998 Fear and Loathing in Las Vegas
0%
TV Show 2002 First Monday
0%
TV Show 1955 Ford Star Jubilee
0%
TV Film 2002 Generation Gap
0%
TV Show 1968 George Jessel's Here Come the Stars
0%
Film 1953 Give a Girl a Break
0%
TV Film 1967 Go!!!
0%
Film 1964 Goodbye Charlie
0%
TV Show 1985 Great Performances
0%
TV Film 1998 Halloweentown
0%
TV Film 2004 Halloweentown High
0%
TV Film 2001 Halloweentown II: Kalabar's Revenge
0%
TV Special 1987 Happy 100th Birthday, Hollywood
0%
Film 1993 Heaven & Earth
0%
TV Documentary 1960 Hedda Hopper's Hollywood
0%
Film 1955 Hit the Deck
0%
Documentary 2008 Hollywood Singing and Dancing: A Musical History
0%
Documentary 2008 Hollywood Singing and Dancing: A Musical History - The 1920s: The Dawn of the Hollywood Musical
0%
Documentary 2009 Hollywood Singing and Dancing: A Musical History - The 1930s: Dancing Away the Great Depression
0%
Documentary 2009 Hollywood Singing and Dancing: A Musical History - The 1940s: Stars, Stripes and Singing
0%
Documentary 2009 Hollywood Singing and Dancing:A Musical History - The 1950s: The Golden Era of the Musical
0%
Documentary 2009 Hollywood Singing and Dancing: A Musical History - The 1960s
0%
Documentary 2009 Hollywood Singing and Dancing: A Musical History - The 1970s
0%
TV Show 1998-2001 Hollywood Squares
0%
TV Show 1986 Hotel
0%
Film 1968 How Sweet It Is!
0%
Film 1953 I Love Melvin
0%
Film 1997 In & Out
0%
Short Film 2012 In the Picture
0%
Documentary Series 1998 Intimate Portrait
0%
TV Documentary 2011 Intimate Portrait: Debbie Reynolds and Carrie Fisher
0%
Theater 1973-1974 Irene
0%
Film 1959 It Started with a Kiss
0%
TV Show 1955 I've Got a Secret
0%
Documentary 1993 Jack L. Warner: The Last Mogul
0%
TV Special 1987 Jack Paar Is Alive and Well
0%
TV Show 1983 Jennifer Slept Here
0%
TV Special 1983, 1992, 2004 Jerry Lewis MDA Labor Day Telethon
0%
Film 1948 June Bride
0%
Documentary 1999 Keepers of the Frame
0%
Documentary 1999 Keepers of the Frame
0%
Film 1998 Kiki's Delivery Service
0%
TV Show 2003, 2007 Kim Possible
0%
TV Special 1978 Leapin' Lizards, It's Liberace!
0%
TV Special 1993 Legend to Legend Night: A Celebrity Cavalcade
0%
TV Show 1970 Life with Linkletter
0%
Film 2008 Light of Olympia
0%
TV Special 1954 Light's Diamond Jubilee
0%
TV Short 2006 Lolo's Cafe
0%
Theater 2004 Love Letters
0%
Radio Series 1952 Lux Radio Theatre
0%
TV Show 1981 Madame's Place
0%
TV Special 2004 Magic Moments: The Best of 50's Pop
0%
Film 1963 Mary, Mary
0%
Film 1956 Meet Me in Las Vegas
0%
Documentary Series 1955 MGM Parade
0%
Documentary Mini-Series 1992 MGM: When the Lion Roars
0%
TV Special 2001 Michael Jackson: 30th Anniversary Celebration
0%
Theater 1974 Miss Debbie Reynolds
0%
Documentary Series 1994 Modern Marvels
0%
Film 1996 Mother
0%
TV Show 1991-1992 Moving Memories with Debbie Reynolds
0%
Film 1951 Mr. Imperium
0%
Documentary 2007 Mr. Warmth: The Don Rickles Project
0%
Film 1963 My Six Loves
0%
Film 2012 One for the Money
0%
TV Show 1970 Pat Paulsen's Half a Comedy Hour
0%
Film 1960 Pepe
0%
TV Film 1989 Perry Mason: The Case of the Musical Murder
0%
Documentary Series 1956 Person to Person
0%
TV Special 2004 Pryor Offenses
0%
TV Film 2006 Return to Halloweentown
0%
Documentary 2016 Rip Rip Hooray!
0%
TV Show 1997 Roseanne
0%
TV Show 1969, 1970, 1972 Rowan & Martin's Laugh-In
0%
TV Show 2000-2002 Rsugrats
0%
Film 1998 Rudolph the Red-Nosed Reindeer: The Movie
0%
TV Film 2000 Rugrats: Acorn Nuts & Diapey Butts
0%
Film 2000 Rugrats in Paris: The Movie
0%
TV Show 2010 RuPaul's Drag Race
0%
TV Film 1987 Sadie and Son
0%
Film 1959 Say One for Me
0%
TV Show 2008 Secret Talents of the Stars
0%
Commercial 1977 SINGER Sewing Machines
0%
Film 1952 Skirts Ahoy!
0%
TV Show 2011 So You Think You Can Dance
0%
TV Special 2005 Stadium of Fire: 25th Anniversary
0%
TV Special 1987 Stage for a Nation - A Tribute to the National Theater in Washington D.C.
0%
TV Special 1991 Stars and Stripes: Hollywood and World War II
0%
Film 1954 Susan Slept Here
0%
Documentary 2015 Tab Hunter Confidential
0%
Film 1974 That's Entertainment!
0%
Documentary 1994 That's Entertainment III
0%
Award Show 1990 The 18th Rudolph Valentino Awards
0%
Award Show 1980 The 37th Annual Golden Globe Awards
0%
TV Show 2015 The 7D
0%
TV Show 1972 The ABC Comedy Hour
0%
Film 1953 The Affairs of Dobie Gillis
0%
TV Show 1962 The Andy Williams Show
0%
TV Show 1969 The Andy Williams Show
0%
TV Special 1987, 1988, 1990, 1992 The Annual Thalians Ball
0%
TV Show 1971 The Barbara McNair Show
0%
TV Show 1967, 1971, 1974 The Bob Hope Show
0%
Film 1992 The Bodyguard
0%
Documentary 2009 The Boys
0%
TV Documentary 2007 The Brothers Warner
0%
TV Show 1970 The Carol Burnett Show
0%
Film 1956 The Catered Affair
0%
TV Film 1998 The Christmas Wish
0%
TV Show 1954, 1955 The Colgate Comedy Hour
0%
Film 1950 The Daughter of Rosie O'Grady
0%
TV Show 1971 The Dean Martin Show
0%
TV Show 1969-1970 The Debbie Reynolds Show
0%
TV Show 1979, 1982 The Don Lane Show
0%
TV Show 1961 The DuPont Show of the Week
0%
TV Show 1957, 1958 The Eddie Fisher Show
0%
TV Show 1953-1966 The Ed Sullivan Show
0%
TV Show 1954 The George Gobel Show
0%
TV Show 1970, 1971 The Glen Campbell Goodtime Hour
0%
TV Show 1991 The Golden Girls
0%
TV Special 1965 The Hollywood Deb Stars of 1965
0%
TV Show 1965 The Hollywood Palace
0%
TV Show 1970, 1971, 1979, 1980 The Hollywood Squares
0%
Documentary 2008 The Jill & Tony Curtis Story
0%
TV Show 1968 The Jim Nabors Hour
0%
TV Show 1967, 1969 The Joey Bishop Show
0%
TV Show 1969 The Kraft Music Hall
0%
TV Show 1970 The Linkletter Show
0%
TV Show 1980, 1983 The Love Boat
0%
Film 1959 The Mating Game
0%
TV Show 1966-1974 The Merv Griffin Show
0%
TV Show 1970 The Movie Game
0%
TV Show 1982, 1983 The New Battlestars
0%
TV Show 1986, 1988 The New Hollywood Squares
0%
TV Show 1979 The Osmond Family Show
0%
TV Show 1971 The Pearl Bailey Show
0%
TV Show 2010 The Penguins of Madagascar
0%
TV Special 1974 The Perry Como Sunshine Show
0%
Film 1961 The Pleasure of His Company
0%
Documentary Series 1996 The Real Las Vegas
0%
Documentary 2011 These Amazing Shadows
0%
Film 1961 The Second Time Around
0%
TV Film 2001 These Old Broads
0%
Film 1966 The Singing Nun
0%
TV Special 1992 The Society of Singers Presents a Tribute to Tony Martin
0%
TV Show 1976, 1977 The Sonny and Cher Show
0%
TV Show 1956, 1959 The Steve Allen Plymouth Show
0%
Short Documentary 1964 The Story of a Dress
0%
Film 1955 The Tender Trap
0%
TV Show 1955 The Tonight Show
0%
TV Show 1959 The Tonight Show Starring Jack Paar
0%
TV Show 1963-1989 The Tonight Show Starring Johnny Carson
0%
TV Show 1972, 1973 The Wacky World of Jonathan Winters
0%
Film 1958 This Happy Feeling
0%
TV Show 1970 This Is Tom Jones
0%
Documentary Series 1960, 1961, 1993, 1995 This Is Your Life
0%
Film 1950 Three Little Words
0%
TV Documentary 2012 Tony Curtis: Driven to Stardom
0%
TV Show 2001 Touched by an Angel
0%
TV Special 2003 Tracey Ullman in the Trailer Tales
0%
TV Documentary 1997 Twentieth Century Fox: The First 50 Years
0%
Film 1950 Two Weeks with Love
0%
TV Film 2000 Virtual Mom
0%
Film 1996 Wedding Bell Blues
0%
TV Special 1961 What About Linda?
0%
Short Documentary 2002 What a Glorious Feeling: The Making of 'Singin' in the Rain'
0%
TV Show 1954, 1956, 1959, 1961, 1964 What's My Line?
0%
Film 1971 What's the Matter with Helen?
0%
TV Show 1999-2006 Will & Grace
0%
TV Show 1994 Wings
0%
TV Show 1987 Win, Lose or Draw
0%
Theater 1983 Woman of the Year
0%
TV Special 1982 Women I Love: Beautiful But Funny
0%
Film 1998 Zack and Reba
0%
No matching quizzes found
Score Distribution
Percent of People with Each Score
Percentile by Number Answered
Your Score History
You have not taken this quiz since the last reset